LEADER 00959nam0-22003491i-450- 001 990002008990403321 005 20130326145705.0 035 $a000200899 035 $aFED01000200899 035 $a(Aleph)000200899FED01 035 $a000200899 100 $a20030910d1967----km-y0itay50------ba 101 0 $aeng 102 $aGB 105 $ay---a---001yy 200 1 $a<>genetic analysis of behaviour$fP. A. Parsons 210 $aLondon$cMethuen & Co Ltd$d1967 215 $a174 p.$d20 cm 225 1 $aMethuen's monographs on biological subjects 610 0 $aGenetica 610 0 $aComportamento$aAnimali 676 $a591.5 700 1$aParsons,$bPeter Angas$064915 801 0$aIT$bUNINA$gRICA$2UNIMARC 901 $aBK 912 $a990002008990403321 952 $a61 III C.7/17$b4102$fDAGEN 952 $a4 VII 30$b13017$fDBV 959 $aDAGEN 959 $aDBV 996 $aGenetic analysis of behaviour$9402555 997 $aUNINA LEADER 01162nam0-2200397---450 001 990008747560403321 005 20181116143317.0 010 $a0-471-50651-5 035 $a000874756 035 $aFED01000874756 035 $a(Aleph)000874756FED01 035 $a000874756 100 $a20081105d1991----km-y0itay50------ba 101 0 $aeng 102 $aUS 105 $aa-------001yy 200 1 $aAutomatic control of aircraft and missiles$fJohn H. Blakelock 205 $a2nd ed. 210 $aNew York$cJohn Wiley & Sons$d1991 215 $aXV, 646 p.$cill.$d24 cm 610 0 $aVelivoli$aControlli automatici 676 $a629.1326 700 1$aBlakelock,$bJohn H.$0314549 801 0$aIT$bUNINA$gRICA$2UNIMARC 901 $aBK 912 $a990008747560403321 952 $a13 36 01$b15869$fFINBC 952 $a13 H 62 17$b2165 / 2018$fFINBC 952 $a13 H 62 18$b2166 / 2018$fFINBC 952 $a23 09 B 41$b16543$fFINAG 952 $a23 16 D 26$b2225 / 2018$fFINAG 952 $a23 16 D 27$b2226 / 2018$fFINAG 959 $aFINBC 959 $aFINAG 996 $aAutomatic control of aircraft and missiles$947030 997 $aUNINA LEADER 02201nam2-2200409---450- 001 990003580970203316 005 20111024131320.0 010 $a978-92-9237-121-0 035 $a000358097 035 $aUSA01000358097 035 $a(ALEPH)000358097USA01 035 $a000358097 100 $a20111024d2011----km-y0itay0103----ba 101 $aita 102 $aLU 105 $a||||||||001yy 200 1 $aSeguito dato alla relazione speciale n. 1/2005 concernente la gestione dell?Ufficio europeo per la lotta antifrode$e(presentata in virtù dell'articolo 287, paragrafo 4, secondo comma del TFUE)$fCorte dei conti europea 210 $aLussemburgo$cUfficio delle pubblicazioni dell'Unione europea$d2011 215 $a58 p.$cill.$d30 cm 225 2 $aRelazione speciale$v2 330 $aL?Ufficio europeo Antifrode (OLAF) fornisce un servizio investigativo indipendente per la lotta alla frode e alle altre attività illegali che arrecano danno al bilancio dell'ue. nel 2005, l?OLAF aveva fatto oggetto di una relazione speciale della corte dei conti europea che conteneva una serie di raccomandazioni tese a renderne più efficiente ed efficace la funzione d?indagine. La presente relazione di follow-up esamina lo stato di attuazione delle raccomandazioni originali e raccomanda ulteriori misure che potrebbero aiutare l?OLAF a migliorare l?efficienza e l?efficacia delle proprie indagini. [Abstract tratto dalla pubblicazione] 410 0$1001000351941$aRelazione speciale 601 02$aUfficio europeo per la lotta antifrode$xAttività$2BNCF 606 0 $aFrode$xPrevenzione$yPaesi dell'Unione europea$2BNCF 676 $a338.91 699 $a19.07$bRapporto di attività 710 02$aCORTE DEI CONTI EUROPEA$0541549 801 0$aIT$bsalbc$gISBD 856 4 $uhttp://eca.europa.eu$4.$zAccesso libero online 856 4 $uhttp://eca.europa.eu/portal/pls/portal/docs/1/7946742.PDF$4.$zAccesso libero online 912 $a990003580970203316 951 $aCDE 19.07 (I)$bCDE 2753$cCDE 19.07$d00184989 959 $aBK 969 $aCDE 979 $aMARIAS$b90$c20111024$lUSA01$h1313 996 $aSeguito dato alla relazione speciale n. 1$91115865 997 $aUNISA